[Event "Istanbul Bagcilar op"]
[Site "Istanbul"]
[Date "2023.09.08"]
[Round "7"]
[White "Abdisalimov, Abdimalik"]
[Black "Ghane Gardeh, Shojaat"]
[Result "1-0"]
[WhiteElo "2476"]
[BlackElo "2291"]
[PlyCount "66"]
[EventDate "2023.09.03"]
[EventType "swiss"]
[EventRounds "9"]
[EventCountry "TUR"]
[SourceTitle "EXT 2024"]
[Source "ChessBase"]
[SourceDate "2023.10.10"]
[SourceVersion "1"]
[SourceVersionDate "2023.10.10"]
[SourceQuality "1"]

1. e4 e6 2. d4 d5 3. Nd2 Nf6 4. e5 Nfd7 5. Bd3 c5 6. c3 Nc6 7. Ne2 cxd4 8. cxd4 f6 9. exf6 Nxf6 10. Nf3 Qc7 11. 0-0 Bd6 12. Bg5 0-0 13. Rc1 Ng4 14. Ng3 h6 15. Bd2 Qe7 16. Bc3 Bd7 17. Bb1 Be8 18. Qd3 g6 19. a3 Qf6 20. Rce1 Bc7 21. Qe2 Qf4 22. Qxe6+ Bf7 23. Qe2 Bb6 24. Bd2 Qd6 25. h3 Rae8 26. Qd3 Rxe1 27. Rxe1 Nxf2 28. Kxf2 Nxd4 29. Nxd4 Be8+ 30. Kg1 Bb5 31. Qxb5 Qxg3 32. Qxd5+ Kh8 33. Bc3 Qf2+ 1-0

[Event "Istanbul Bagcilar op"]
[Site "Istanbul"]
[Date "2023.09.03"]
[Round "1"]
[White "Ghane Gardeh, Shojaat"]
[Black "Portakalci, Yusuf"]
[Result "1/2-1/2"]
[WhiteElo "2291"]
[BlackElo "1830"]
[PlyCount "136"]
[EventDate "2023.09.03"]
[EventType "swiss"]
[EventRounds "9"]
[EventCountry "TUR"]
[SourceTitle "EXT 2024"]
[Source "ChessBase"]
[SourceDate "2023.10.10"]
[SourceVersion "1"]
[SourceVersionDate "2023.10.10"]
[SourceQuality "1"]

1. d4 d5 2. Bf4 Nf6 3. e3 e6 4. Nd2 Bd6 5. Bg3 c5 6. c3 0-0 7. f4 b6 8. Bd3 Bb7 9. Ngf3 Nc6 10. 0-0 Ne7 11. Qb1 g6 12. Bh4 Nf5 13. Bxf6 Qxf6 14. Qe1 Be7 15. g4 Nd6 16. Ne5 Qg7 17. g5 h5 18. Ndf3 Rfd8 19. Qe2 a5 20. a4 Nf5 21. Bb5 Nd6 22. Nh4 c4 23. Qc2 Kh7 24. Rf3 Nf5 25. Ng2 Rd6 26. Rf2 Rf8 27. e4 dxe4 28. Nxc4 Rdd8 29. Re1 f6 30. h4 fxg5 31. hxg5 Nd6 32. Ne5 Nxb5 33. axb5 Bd6 34. Nc6 e3 35. Rxe3 Rde8 36. Qe4 Rf5 37. c4 Ref8 38. Rh3 Bc8 39. Rhf3 Bb7 40. Ne3 R5f7 41. c5 bxc5 42. Nc4 Be7 43. Rh3 Bxc6 44. bxc6 Qxd4 45. Rxh5+ Kg7 46. Qxd4+ cxd4 47. Rhh2 Bc5 48. Rf3 d3+ 49. Kg2 Rxf4 50. Rxf4 Rxf4 51. c7 Rf8 52. Rh3 Rc8 53. Rxd3 Rxc7 54. Nxa5 Be7 55. Kf3 Rc5 56. Rd7 Rxa5 57. Rxe7+ Kf8 58. Rxe6 Rxg5 59. b4 Rb5 60. Re4 Kf7 61. Kf4 Kf6 62. Rd4 Rb6 63. Ke4 Ke6 64. Kd3 Ke5 65. Re4+ Kf5 66. Rd4 Ke5 67. Re4+ Kf5 68. Rd4 Ke5 1/2-1/2

[Event "TUR-chT 1st League"]
[Site "Denizli"]
[Date "2023.07.15"]
[Round "9.91"]
[White "Ghane Gardeh, Shojaat"]
[Black "Tirak, Mert"]
[Result "1-0"]
[WhiteElo "2296"]
[BlackElo "1873"]
[PlyCount "89"]
[EventDate "2023.07.09"]
[EventType "team-swiss"]
[EventRounds "9"]
[EventCountry "TUR"]
[SourceTitle "CBM 215 Extra"]
[Source "ChessBase"]
[SourceDate "2023.09.30"]
[SourceVersion "1"]
[SourceVersionDate "2023.09.30"]
[SourceQuality "1"]
[WhiteTeam "Doktor Metin Surmeli"]
[BlackTeam "Bogazici Universitesi"]
[WhiteTeamCountry "TUR"]
[BlackTeamCountry "TUR"]

1. d4 Nf6 2. Nf3 g6 3. Bg5 Bg7 4. e3 0-0 5. Be2 b6 6. 0-0 Bb7 7. Nbd2 d6 8. c3 Nbd7 9. Qc2 c5 10. h3 Re8 11. a4 a6 12. Rfe1 Qc7 13. Qb1 Rac8 14. Qa2 Bd5 15. Qa3 Bb7 16. Bf1 e5 17. dxe5 dxe5 18. e4 h6 19. Bh4 g5 20. Bg3 Nh5 21. Qb3 Nf4 22. Nc4 Re6 23. Nh2 Kh8 24. f3 f6 25. Ng4 Nf8 26. Nge3 Rd8 27. Red1 Rxd1 28. Rxd1 h5 29. Rd2 f5 30. Nxf5 g4 31. hxg4 hxg4 32. Nce3 Rg6 33. Bc4 N8e6 34. Bxe6 Nxe6 35. Nxg4 c4 36. Qd1 Nc5 37. Nxg7 Rxg4 38. Ne8 Qe7 39. fxg4 Nxe4 40. Nd6 Nxd2 41. Qxd2 Kh7 42. Nxb7 Qxb7 43. Bxe5 Qe7 44. Qc2+ Kh6 45. Qf5 1-0

[Event "TUR-chT 1st League"]
[Site "Denizli"]
[Date "2023.07.12"]
[Round "6.61"]
[White "Yagiz, Yasin Emrah"]
[Black "Ghane Gardeh, Shojaat"]
[Result "0-1"]
[WhiteElo "2211"]
[BlackElo "2296"]
[PlyCount "94"]
[EventDate "2023.07.09"]
[EventType "team-swiss"]
[EventRounds "9"]
[EventCountry "TUR"]
[SourceTitle "CBM 215 Extra"]
[Source "ChessBase"]
[SourceDate "2023.09.30"]
[SourceVersion "1"]
[SourceVersionDate "2023.09.30"]
[SourceQuality "1"]
[WhiteTeam "Bulancak Ihsaniye Genclik"]
[BlackTeam "Doktor Metin Surmeli"]
[WhiteTeamCountry "TUR"]
[BlackTeamCountry "TUR"]

1. Nf3 d5 2. g3 c6 3. Bg2 Bf5 4. b3 h6 5. Bb2 e6 6. 0-0 Nf6 7. d3 Be7 8. Nbd2 0-0 9. Qe1 Nbd7 10. e4 Bh7 11. e5 Ne8 12. h4 Nc7 13. Nh2 Bc5 14. Ndf3 Qe7 15. a3 a5 16. Qd2 Nb5 17. a4 Nc7 18. Ng4 Bf5 19. Bh3 d4 20. Kg2 Bb4 21. Qe2 c5 22. Rg1 Nd5 23. Bc1 Nc3 24. Qe1 Bxg4 25. Bxg4 Nxa4 26. Bd2 Nc3 27. Kh2 Nb6 28. Bh3 Nbd5 29. Rg2 b5 30. Kg1 Ra6 31. Nh2 a4 32. Nf1 Rfa8 33. f4 Re8 34. Kh2 Qb7 35. bxa4 Rxa4 36. Rc1 Ba3 37. g4 Bxc1 38. Bxc1 Ra1 39. g5 h5 40. g6 Nxf4 41. Qg3 Nxg6 42. Qg5 Rxc1 43. Qxc1 Nxh4 44. Rxg7+ Kxg7 45. Qg5+ Ng6 46. Ng3 Qf3 47. Nxh5+ Kf8 0-1

[Event "TUR-chT 1st League"]
[Site "Denizli"]
[Date "2023.07.11"]
[Round "4.81"]
[White "Zaksaite, Salomeja"]
[Black "Ghane Gardeh, Shojaat"]
[Result "0-1"]
[WhiteElo "2261"]
[BlackElo "2296"]
[PlyCount "76"]
[EventDate "2023.07.09"]
[EventType "team-swiss"]
[EventRounds "9"]
[EventCountry "TUR"]
[SourceTitle "CBM 215 Extra"]
[Source "ChessBase"]
[SourceDate "2023.09.30"]
[SourceVersion "1"]
[SourceVersionDate "2023.09.30"]
[SourceQuality "1"]
[WhiteTeam "Varyant Genclik"]
[BlackTeam "Doktor Metin Surmeli"]
[WhiteTeamCountry "TUR"]
[BlackTeamCountry "TUR"]

1. d4 Nf6 2. Nf3 d5 3. e3 c5 4. b3 Nc6 5. Bb2 Bg4 6. h3 Bh5 7. Be2 e6 8. 0-0 Be7 9. Nbd2 0-0 10. Ne5 Bxe2 11. Qxe2 cxd4 12. exd4 Rc8 13. c4 Bb4 14. Rfd1 Qe7 15. a3 Bd6 16. Qf3 Rfd8 17. Ng4 Nxg4 18. hxg4 Bb8 19. g3 Qg5 20. Kg2 Rd7 21. c5 Rf8 22. Qe2 Qg6 23. f4 h6 24. Re1 Nd8 25. a4 f5 26. Ba3 Rf6 27. b4 fxg4 28. Rac1 h5 29. Rh1 Nc6 30. Qe3 Ne7 31. b5 Nf5 32. Qf2 h4 33. c6 bxc6 34. bxc6 Rdf7 35. Nf1 hxg3 36. Qd2 Bxf4 37. c7 Bxc7 38. Qe2 Nxd4 0-1

[Event "TUR-chT 1st League"]
[Site "Denizli"]
[Date "2023.07.10"]
[Round "2.91"]
[White "Ghane Gardeh, Shojaat"]
[Black "Karaoglan, Kivanc"]
[Result "0-1"]
[WhiteElo "2296"]
[BlackElo "2183"]
[PlyCount "120"]
[EventDate "2023.07.09"]
[EventType "team-swiss"]
[EventRounds "9"]
[EventCountry "TUR"]
[SourceTitle "CBM 215 Extra"]
[Source "ChessBase"]
[SourceDate "2023.09.30"]
[SourceVersion "1"]
[SourceVersionDate "2023.09.30"]
[SourceQuality "1"]
[WhiteTeam "Doktor Metin Surmeli"]
[BlackTeam "Karsiyaka Ihtisas"]
[WhiteTeamCountry "TUR"]
[BlackTeamCountry "TUR"]

1. d4 Nf6 2. Nf3 d5 3. c4 e6 4. Bg5 dxc4 5. Nc3 a6 6. a4 c5 7. e3 Nc6 8. Bxc4 cxd4 9. exd4 Be7 10. 0-0 0-0 11. Re1 Bd7 12. Qe2 Nb4 13. Ne5 Rc8 14. Rad1 Be8 15. Bb3 Nbd5 16. Qf3 Nxc3 17. bxc3 b5 18. axb5 axb5 19. Qh3 Nd5 20. Bc2 g6 21. Bh6 Rxc3 22. Bd3 b4 23. Bxf8 Bxf8 24. Qg4 Bg7 25. g3 b3 26. Qe2 Qb6 27. Be4 Nf6 28. Bg2 Rc2 29. Qd3 Qb5 30. Rb1 Qxd3 31. Nxd3 Ng4 32. Bf3 Rc3 33. Bxg4 Rxd3 34. Be2 Rxd4 35. Rxb3 Rd8 36. Reb1 Be5 37. Bb5 Bxb5 38. Rxb5 Bf6 39. Rb8 Kg7 40. Rxd8 Bxd8 41. Rb7 h5 42. Kf1 Bf6 43. Rd7 Be5 44. h3 Kf6 45. Ke2 Bc3 46. Ke3 Be1 47. Rb7 Bc3 48. Rc7 Bb4 49. Ke4 Ba5 50. Rb7 Bc3 51. Rb3 Ba5 52. Kd4 Be1 53. Rf3+ Ke7 54. Kc5 Bd2 55. Kc6 Be1 56. Rf4 g5 57. Rf3 g4 58. hxg4 hxg4 59. Rf4 f5 60. Rb4 Bxb4 0-1

[Event "TUR-chT 1st League"]
[Site "Konya"]
[Date "2022.08.26"]
[Round "7.9"]
[White "Babazada, Khazar Araz"]
[Black "Ghane Gardeh, Shojaat"]
[Result "1-0"]
[WhiteElo "2457"]
[BlackElo "2317"]
[PlyCount "84"]
[EventDate "2022.08.22"]
[EventType "team-swiss"]
[EventRounds "9"]
[EventCountry "TUR"]
[SourceTitle "CBM 209 Extra"]
[Source "ChessBase"]
[SourceDate "2022.09.30"]
[SourceVersion "1"]
[SourceVersionDate "2022.09.30"]
[SourceQuality "1"]
[WhiteTeam "Karaman Saglik"]
[BlackTeam "Denizli Metin Surmeli"]
[WhiteTeamCountry "TUR"]
[BlackTeamCountry "TUR"]

1. e4 e6 2. d4 d5 3. Nc3 Nc6 4. Nf3 Bb4 5. e5 Nh6 6. a3 Be7 7. Bd3 f5 8. exf6 Bxf6 9. 0-0 0-0 10. h3 Kh8 11. Be3 a6 12. Re1 Be7 13. Qd2 Nf5 14. Ne2 Nxe3 15. Qxe3 Qd6 16. Rad1 b5 17. g3 Bd7 18. Nf4 g5 19. Ng2 Rf7 20. c3 Rg8 21. Nh2 Bf8 22. Be2 Bg7 23. Bh5 Rf5 24. Bg4 Rf6 25. Nf3 h6 26. Re2 Rgf8 27. h4 gxh4 28. Ngxh4 Be8 29. Rde1 Nd8 30. Qd3 h5 31. Bh3 Bh6 32. Re5 Rg8 33. Qe2 Bf7 34. Kh1 Qf8 35. Qd3 Qg7 36. a4 c6 37. axb5 axb5 38. Ra1 Rf8 39. Ra7 Bc1 40. Qc2 Bh6 41. Rd7 Rxf3 42. Nxf3 Bg6 1-0

[Event "TUR-chT 1st League"]
[Site "Konya"]
[Date "2022.08.24"]
[Round "4.8"]
[White "Ghane Gardeh, Shojaat"]
[Black "Babaev, Ruslan"]
[Result "1-0"]
[WhiteElo "2317"]
[BlackElo "2213"]
[PlyCount "103"]
[EventDate "2022.08.22"]
[EventType "team-swiss"]
[EventRounds "9"]
[EventCountry "TUR"]
[SourceTitle "CBM 209 Extra"]
[Source "ChessBase"]
[SourceDate "2022.09.30"]
[SourceVersion "1"]
[SourceVersionDate "2022.09.30"]
[SourceQuality "1"]
[WhiteTeam "Denizli Metin Surmeli"]
[BlackTeam "Olbia Satranc"]
[WhiteTeamCountry "TUR"]
[BlackTeamCountry "TUR"]

1. d4 Nf6 2. c4 g6 3. Nc3 Bg7 4. e4 d6 5. Be2 0-0 6. Bg5 Na6 7. h4 h5 8. Qd2 e5 9. d5 c6 10. f3 cxd5 11. cxd5 Bd7 12. Nh3 Qa5 13. Nf2 Rab8 14. Be3 b5 15. Bxa7 b4 16. Bxb8 bxc3 17. Qxc3 Qxc3+ 18. bxc3 Nxb8 19. a4 Bc8 20. a5 Ba6 21. Nd3 Nfd7 22. Nb4 Nc5 23. Nxa6 Nbxa6 24. Bxa6 Nxa6 25. Ke2 Ra8 26. Rhb1 Bf6 27. Rb6 Be7 28. Kd3 Kf8 29. Kc4 Ke8 30. Kb5 Nc5 31. a6 Kd7 32. Rc6 Bxh4 33. Ra2 Bd8 34. a7 f5 35. Raa6 Bc7 36. Rxc5 dxc5 37. Kxc5 fxe4 38. fxe4 g5 39. d6 Bd8 40. Kd5 h4 41. c4 g4 42. c5 h3 43. gxh3 gxh3 44. Ra3 h2 45. Rh3 Rxa7 46. c6+ Kc8 47. Rxh2 Ra5+ 48. Ke6 Ra6 49. Rc2 Bh4 50. c7 Be1 51. Rg2 Kb7 52. Rb2+ 1-0

[Event "TUR-chT 1st League"]
[Site "Konya"]
[Date "2022.08.23"]
[Round "3.6"]
[White "Kanmazalp, Ogulcan"]
[Black "Ghane Gardeh, Shojaat"]
[Result "0-1"]
[WhiteElo "2468"]
[BlackElo "2317"]
[PlyCount "165"]
[EventDate "2022.08.22"]
[EventType "team-swiss"]
[EventRounds "9"]
[EventCountry "TUR"]
[SourceTitle "CBM 209 Extra"]
[Source "ChessBase"]
[SourceDate "2022.09.30"]
[SourceVersion "1"]
[SourceVersionDate "2022.09.30"]
[SourceQuality "1"]
[WhiteTeam "Yalova Belediye"]
[BlackTeam "Denizli Metin Surmeli"]
[WhiteTeamCountry "TUR"]
[BlackTeamCountry "TUR"]

1. e4 e6 2. d4 d5 3. Nc3 Nf6 4. Bg5 Bb4 5. e5 h6 6. Be3 Ne4 7. a3 Nxc3 8. Qg4 Bf8 9. bxc3 c5 10. dxc5 Nc6 11. Bb5 Bd7 12. Bxc6 Bxc6 13. Nf3 Qa5 14. Qb4 Qa6 15. Nd4 Ba4 16. Rb1 b6 17. Nb5 Rc8 18. Nd6+ Bxd6 19. exd6 0-0 20. cxb6 e5 21. b7 Rb8 22. Kd2 Rfd8 23. Qc5 Rxb7 24. Rxb7 Qxb7 25. Qxa7 Qc6 26. Qc7 Qa8 27. Bc5 d4 28. Rb1 dxc3+ 29. Kxc3 Rc8 30. Rb4 Rxc7 31. dxc7 Kh7 32. Rxa4 Qc6 33. Kb4 Qxc7 34. Ra7 Qb8+ 35. Kc3 Qc8 36. Ra5 Qc7 37. Rb5 Qc6 38. a4 Qxg2 39. a5 Qf1 40. Kb4 Qb1+ 41. Kc4 Qxc2+ 42. Kd5 f5 43. Kc6 f4 44. a6 e4 45. Kb6 e3 46. fxe3 f3 47. a7 f2 48. a8Q f1Q 49. Bd4 Qg6+ 50. Qc6 Qxc6+ 51. Kxc6 Qg2+ 52. Kc5 h5 53. h4 Qe4 54. Kc4 Qxh4 55. Rb7 Qh1 56. Rxg7+ Kh6 57. Re7 h4 58. Kd3 h3 59. Be5 h2 60. Bxh2 Qxh2 61. Re4 Kg5 62. Rf4 Qg2 63. Kd4 Qc2 64. Re4 Kf5 65. Rf4+ Ke6 66. Rf3 Qd2+ 67. Ke4 Qd6 68. Rf2 Qb4+ 69. Kd3 Qb3+ 70. Ke4 Qd5+ 71. Kf4 Qh5 72. Ke4 Qh1+ 73. Kd3 Ke5 74. Rf4 Qd1+ 75. Kc3 Qe2 76. Rc4 Qxe3+ 77. Kb4 Kd5 78. Rc2 Qd3 79. Rc3 Qe4+ 80. Kb3 Qb1+ 81. Ka3 Kd4 82. Rc8 Qb6 83. Rc1 0-1

[Event "TUR-chT 1st League"]
[Site "Konya"]
[Date "2022.08.23"]
[Round "2.10"]
[White "Yildiz, Emre"]
[Black "Ghane Gardeh, Shojaat"]
[Result "1/2-1/2"]
[WhiteElo "1985"]
[BlackElo "2317"]
[PlyCount "60"]
[EventDate "2022.08.22"]
[EventType "team-swiss"]
[EventRounds "9"]
[EventCountry "TUR"]
[SourceTitle "CBM 209 Extra"]
[Source "ChessBase"]
[SourceDate "2022.09.30"]
[SourceVersion "1"]
[SourceVersionDate "2022.09.30"]
[SourceQuality "1"]
[WhiteTeam "Salihli Sardes"]
[BlackTeam "Denizli Metin Surmeli"]
[WhiteTeamCountry "TUR"]
[BlackTeamCountry "TUR"]

1. d4 Nf6 2. Nf3 d5 3. c4 e6 4. Nc3 Nbd7 5. cxd5 exd5 6. Bg5 Bb4 7. e3 c5 8. Be2 Qa5 9. Bxf6 Nxf6 10. 0-0 Bxc3 11. bxc3 c4 12. Ne5 Ne4 13. Bf3 Nd6 14. e4 dxe4 15. Bxe4 0-0 16. Bc2 Qxc3 17. Rc1 Qa5 18. Bb1 Be6 19. d5 Bxd5 20. Nd7 Qb5 21. Bxh7+ Kxh7 22. Qh5+ Kg8 23. Nf6+ gxf6 24. Qg4+ Kh8 25. Qh5+ Kg7 26. Qg4+ Kh8 27. Qh5+ Kg7 28. Qg4+ Kh8 29. Qh5+ Kg7 30. Qg4+ Kh8 1/2-1/2

[Event "IRI-chT 17th"]
[Site "Rasht"]
[Date "2018.10.31"]
[Round "1.2"]
[White "Ghaem Maghami, Ehsan"]
[Black "Ghane Gardeh, Shojaat"]
[Result "1-0"]
[WhiteElo "2533"]
[BlackElo "2324"]
[PlyCount "79"]
[EventDate "2018.10.31"]
[EventType "team-swiss"]
[EventRounds "7"]
[EventCountry "IRI"]
[SourceTitle "CBM 187 Extra"]
[Source "ChessBase"]
[SourceDate "2018.11.04"]
[SourceVersion "1"]
[SourceVersionDate "2018.11.04"]
[SourceQuality "1"]
[WhiteTeam "Tehran Saipa"]
[BlackTeam "Shiraz Darya Borj"]
[WhiteTeamCountry "IRI"]
[BlackTeamCountry "IRI"]

1. d4 d5 2. Nf3 Nf6 3. c4 e6 4. g3 a6 5. Bg2 dxc4 6. 0-0 b5 7. Ne5 Nd5 8. e4 Nb6 9. a4 Nxa4 10. Nxc4 Nc6 11. Be3 Bd7 12. d5 Nb4 13. Ne5 Nxb2 14. Qh5 g6 15. Qf3 f6 16. Ng4 Be7 17. Bd4 Nc4 18. Nxf6+ Bxf6 19. Bxf6 0-0 20. Bxd8 Rxf3 21. Bxf3 Rxd8 22. Be2 exd5 23. exd5 Bf5 24. Bxc4 bxc4 25. Rc1 Rxd5 26. Na3 Bd3 27. Nxc4 c5 28. Ne3 Re5 29. Rc3 Bb5 30. Ng4 Rg5 31. Nf6+ Kf7 32. Ne4 Re5 33. Nxc5 Re2 34. Rd1 Re7 35. Rf3+ Kg7 36. Re3 Ra7 37. Rd6 Nc6 38. Ne6+ Kf7 39. Rxc6 Bxc6 40. Nd8+ 1-0

[Event "Bangkok op 12th"]
[Site "Bangkok"]
[Date "2012.04.17"]
[Round "7"]
[White "Amonatov, Farrukh"]
[Black "Ghane Gardeh, Shojaat"]
[Result "1-0"]
[WhiteElo "2604"]
[BlackElo "2339"]
[PlyCount "113"]
[EventDate "2012.04.13"]
[EventType "swiss"]
[EventRounds "9"]
[EventCountry "THA"]
[SourceTitle "CBM 148 Extra"]
[Source "ChessBase"]
[SourceDate "2012.06.22"]
[SourceVersion "1"]
[SourceVersionDate "2012.06.22"]
[SourceQuality "1"]

1. e4 e6 2. d4 d5 3. Nc3 Nf6 4. Bg5 dxe4 5. Nxe4 Be7 6. Bxf6 Bxf6 7. Nf3 0-0 8. Qd2 Be7 9. 0-0-0 Qd5 10. Nc3 Qa5 11. Bc4 Bb4 12. Rhe1 Nd7 13. a3 b5 14. axb4 Qa1+ 15. Nb1 bxc4 16. Re3 Qa6 17. Ne5 f6 18. Ra3 Qb5 19. Ra5 Qb7 20. Nxc4 Qxg2 21. f4 Qc6 22. Ne3 Nb6 23. Nc3 Bb7 24. f5 Rfe8 25. b3 Rad8 26. Rxa7 Ra8 27. Rxa8 Rxa8 28. fxe6 Qxe6 29. Kb2 f5 30. d5 Qe5 31. Qd4 Re8 32. Nc4 Nxc4+ 33. Qxc4 Kh8 34. Rd2 Rf8 35. Re2 Qf6 36. Qxc7 Bxd5 37. Qe5 Qxe5 38. Rxe5 Bg2 39. b5 g5 40. b6 Bc6 41. b4 g4 42. b5 Ba8 43. Re7 f4 44. b7 Bxb7 45. Rxb7 f3 46. Nd1 f2 47. Ne3 f1Q 48. Nxf1 Rxf1 49. Rd7 Rf5 50. c4 Rf2+ 51. Kc3 Rxh2 52. b6 Rh1 53. Rd2 Rh3+ 54. Kb4 Rh6 55. c5 Rg6 56. Rd8+ Kg7 57. b7 1-0

[Event "Bangkok op 12th"]
[Site "Bangkok"]
[Date "2012.04.16"]
[Round "6"]
[White "Ghane Gardeh, Shojaat"]
[Black "Xiu, Deshun"]
[Result "1-0"]
[WhiteElo "2339"]
[BlackElo "2492"]
[PlyCount "97"]
[EventDate "2012.04.13"]
[EventType "swiss"]
[EventRounds "9"]
[EventCountry "THA"]
[SourceTitle "CBM 148 Extra"]
[Source "ChessBase"]
[SourceDate "2012.06.22"]
[SourceVersion "1"]
[SourceVersionDate "2012.06.22"]
[SourceQuality "1"]

1. d4 d5 2. Nf3 Nf6 3. c4 e6 4. Nc3 Bb4 5. Qa4+ Nc6 6. a3 Bxc3+ 7. bxc3 0-0 8. Bg5 h6 9. Bh4 g5 10. Bg3 Ne4 11. Qc2 h5 12. h4 Nxg3 13. fxg3 g4 14. Ng5 f5 15. e3 Qd6 16. Qf2 Na5 17. cxd5 exd5 18. Bd3 c5 19. 0-0 c4 20. Bc2 Bd7 21. Kh2 Rae8 22. a4 b6 23. Rae1 Kg7 24. Qd2 Rf6 25. Re2 Ref8 26. Ref2 Qe7 27. e4 fxe4 28. Nxe4 Rxf2 29. Nxf2 Nb3 30. Bxb3 cxb3 31. Re1 Qf6 32. Nd3 Re8 33. Ne5 Bxa4 34. Qd3 Rf8 35. Qa6 b5 36. Qb7+ Kh6 37. Qxd5 Qf5 38. Qd6+ Rf6 39. Qd8 Kg7 40. Qe7+ Kh6 41. d5 b2 42. d6 b1Q 43. Rxb1 Re6 44. Qxe6+ Qxe6 45. d7 Qxe5 46. d8Q Kg7 47. Rf1 Bb3 48. Qd7+ Kg6 49. Qd3+ 1-0

[Event "Moscow op-A"]
[Site "Moscow"]
[Date "2012.02.04"]
[Round "8"]
[White "Ghane Gardeh, Shojaat"]
[Black "Pridorozhni, Aleksei"]
[Result "1/2-1/2"]
[WhiteElo "2320"]
[BlackElo "2555"]
[PlyCount "120"]
[EventDate "2012.01.28"]
[EventType "swiss"]
[EventRounds "9"]
[EventCountry "RUS"]
[SourceTitle "CBM 146 Extra"]
[Source "ChessBase"]
[SourceDate "2012.02.29"]
[SourceVersion "1"]
[SourceVersionDate "2012.02.29"]
[SourceQuality "1"]

1. d4 d6 2. Nf3 Nf6 3. c4 g6 4. Nc3 Bg7 5. e4 0-0 6. Be2 e5 7. 0-0 Nc6 8. d5 Ne7 9. Ne1 Nd7 10. f3 f5 11. Nd3 f4 12. b4 g5 13. c5 Nf6 14. Bd2 Ng6 15. Rc1 Rf7 16. cxd6 cxd6 17. Nf2 h5 18. h3 Bf8 19. Qc2 g4 20. fxg4 hxg4 21. hxg4 a6 22. a4 Nh7 23. a5 Qh4 24. Nh3 Bxg4 25. Be1 Qh5 26. Bxg4 Qxg4 27. Qd1 Qd7 28. Na4 Re8 29. Nb6 Qe7 30. Qh5 Rg7 31. Rf3 Qf7 32. Rfc3 Nf6 33. Qf3 Nh8 34. Bh4 Qg6 35. Bxf6 Qxf6 36. Qh5 Ree7 37. Nf2 Rg5 38. Qh3 Reg7 39. Nd7 Rxg2+ 40. Kf1 Qg5 41. Qe6+ Rf7 42. Nf6+ Kg7 43. Ne8+ Kg8 44. Nf6+ Kg7 45. N2g4 f3 46. Ne8+ Kh7 47. Ngf6+ Kg6 48. Qf5+ Kh6 49. Qh3+ Kg6 50. Rxf3 Rg1+ 51. Kf2 Rxc1 52. Rg3 Rxf6+ 53. Nxf6 Rc2+ 54. Ke1 Qxg3+ 55. Qxg3+ Kxf6 56. Qh3 Kg7 57. Qh4 Rc1+ 58. Ke2 Rc2+ 59. Kf3 Rc3+ 60. Kg4 Nf7 1/2-1/2

[Event "Moscow op-A"]
[Site "Moscow"]
[Date "2012.02.02"]
[Round "6"]
[White "Ghane Gardeh, Shojaat"]
[Black "Melnikov, Egor"]
[Result "1-0"]
[WhiteElo "2320"]
[BlackElo "2031"]
[PlyCount "75"]
[EventDate "2012.01.28"]
[EventType "swiss"]
[EventRounds "9"]
[EventCountry "RUS"]
[SourceTitle "CBM 146 Extra"]
[Source "ChessBase"]
[SourceDate "2012.02.29"]
[SourceVersion "1"]
[SourceVersionDate "2012.02.29"]
[SourceQuality "1"]

1. d4 c5 2. e4 cxd4 3. Nf3 Nc6 4. Nxd4 g6 5. Nc3 Bg7 6. Nb3 Nf6 7. Be2 0-0 8. 0-0 b6 9. Bf3 Ne5 10. Be2 d6 11. f4 Nc6 12. g4 Bb7 13. g5 Nd7 14. Nd5 Nc5 15. Nxc5 dxc5 16. c3 e6 17. Ne3 Ne7 18. Qc2 Qc7 19. Ng4 f5 20. gxf6 Bxf6 21. Nxf6+ Rxf6 22. Be3 e5 23. fxe5 Qxe5 24. Rxf6 Qxf6 25. Bc4+ Kh8 26. Rf1 Qh4 27. Bf4 Qg4+ 28. Bg3 Bxe4 29. Qe2 h5 30. Qxg4 hxg4 31. Be5+ Kh7 32. Rf7+ Kh6 33. Rxe7 Kg5 34. Kf2 Rf8+ 35. Rf7 Rxf7+ 36. Bxf7 b5 37. Ke3 Kf5 38. Bxg6+ 1-0

[Event "Moscow op-A"]
[Site "Moscow"]
[Date "2012.01.30"]
[Round "3"]
[White "Lagashin, Pavel"]
[Black "Ghane Gardeh, Shojaat"]
[Result "0-1"]
[WhiteElo "2107"]
[BlackElo "2320"]
[PlyCount "70"]
[EventDate "2012.01.28"]
[EventType "swiss"]
[EventRounds "9"]
[EventCountry "RUS"]
[SourceTitle "CBM 146 Extra"]
[Source "ChessBase"]
[SourceDate "2012.02.29"]
[SourceVersion "1"]
[SourceVersionDate "2012.02.29"]
[SourceQuality "1"]

1. d4 d5 2. c4 e6 3. Nf3 Nf6 4. Nc3 Bb4 5. e3 a6 6. Qa4+ Nc6 7. Ne5 Bd7 8. Nxd7 Qxd7 9. Bd2 0-0 10. c5 e5 11. a3 Bxc3 12. bxc3 exd4 13. cxd4 Qf5 14. Be2 Ne4 15. f3 Nxd2 16. Kxd2 Rfe8 17. Rhe1 Qg5 18. Bf1 Qh4 19. Rab1 Re6 20. Bd3 Rae8 21. Re2 Qxh2 22. Rxb7 Qh6 23. f4 Rxe3 24. Rxe3 Qxf4 25. Qxc6 Rxe3 26. Kc3 g6 27. Rb8+ Kg7 28. Re8 Rg3 29. Qa4 Qc1+ 30. Qc2 Qxa3+ 31. Kd2 Qa5+ 32. Qc3 Rxd3+ 33. Kxd3 Qb5+ 34. Kd2 Qxe8 35. Qa5 Qc6 0-1

[Event "Moscow op-E"]
[Site "Moscow"]
[Date "2011.02.05"]
[Round "8.26"]
[White "Vorobiov, Evgeny E"]
[Black "Ghane Gardeh, Shojaat"]
[Result "1-0"]
[WhiteElo "2556"]
[BlackElo "2398"]
[PlyCount "81"]
[EventDate "2011.01.29"]
[EventType "swiss"]
[EventRounds "9"]
[EventCountry "RUS"]
[SourceTitle "EXT 2022"]
[Source "ChessBase"]
[SourceDate "2021.10.06"]
[SourceVersion "1"]
[SourceVersionDate "2021.10.06"]
[SourceQuality "1"]

1. d4 d5 2. c4 Bf5 3. cxd5 Bxb1 4. Qa4+ Qd7 5. Qxd7+ Nxd7 6. Rxb1 Ngf6 7. Nf3 Nxd5 8. e3 e6 9. Bc4 Be7 10. Ke2 c6 11. Bd2 N7b6 12. Bb3 0-0 13. a3 Rfe8 14. Ne5 Bd6 15. Nd3 Nd7 16. Rhd1 N5f6 17. g3 Rad8 18. Ba5 Rc8 19. Rbc1 Kf8 20. Rc2 Ra8 21. Ba2 Ke7 22. f3 Kf8 23. Be1 h5 24. e4 Bc7 25. h3 Bb6 26. Ne5 Bc7 27. Nc4 a5 28. g4 hxg4 29. hxg4 g5 30. Bd2 Nh7 31. Rcc1 Kg7 32. Bc3 f6 33. Kf2 Nhf8 34. d5 cxd5 35. exd5 b5 36. Ne3 Bb6 37. dxe6 Ne5 38. Bxe5 fxe5 39. Rd6 Ra6 40. Ke2 Ng6 41. Nf5+ 1-0

[Event "Moscow op-E"]
[Site "Moscow"]
[Date "2011.02.03"]
[Round "6"]
[White "Ghane Gardeh, Shojaat"]
[Black "Geller, Jakov"]
[Result "1/2-1/2"]
[WhiteElo "2398"]
[BlackElo "2544"]
[PlyCount "102"]
[EventDate "2011.01.29"]
[EventType "swiss"]
[EventRounds "9"]
[EventCountry "RUS"]
[SourceTitle "CBM 140 Extra"]
[Source "ChessBase"]
[SourceDate "2011.03.01"]
[SourceVersion "1"]
[SourceVersionDate "2011.03.01"]
[SourceQuality "1"]

1. d4 d5 2. c4 e6 3. Nf3 c6 4. Qc2 dxc4 5. Qxc4 b5 6. Qc2 Bb7 7. Bg5 Nf6 8. e4 Nbd7 9. Nc3 h6 10. Bh4 a6 11. Bd3 Qb6 12. Rd1 g5 13. Bg3 Nh5 14. Ne5 Nxg3 15. Nxd7 Kxd7 16. hxg3 Rd8 17. Qe2 Kc7 18. Qf3 Rd7 19. Bc2 Bg7 20. e5 Rf8 21. Qe4 f6 22. 0-0 fxe5 23. dxe5 Rxd1 24. Bxd1 Qc5 25. Bf3 Qxe5 26. Qb4 Rd8 27. Rc1 Kb8 28. a4 Qd6 29. Qg4 Bd4 30. axb5 axb5 31. Ne4 Qe5 32. b4 Qf5 33. Qh5 g4 34. Qxg4 Qxg4 35. Bxg4 e5 36. Bf3 Kc7 37. g4 Ra8 38. g3 Ra2 39. Kg2 Rb2 40. Rh1 c5 41. Rxh6 Bxe4 42. Bxe4 Re2 43. Rh7+ Kd6 44. Rh6+ Ke7 45. Rh7+ Kf6 46. Rh6+ Kg7 47. Rh7+ Kf6 48. Rh6+ Kg7 49. Rh7+ Kg8 50. bxc5 Bxc5 51. Rc7 Rxf2+ 1/2-1/2